Largest Cities by Polish Voivodeship - Statistics

General Stats
  • This quiz has been taken 13 times
  • The average score is 26 of 48
Answer Stats
Voivodeship Population City % Correct
Podlachia 291,688 Białystok
100%
Lesser Poland 806,201 Kraków
100%
Łódz 652,015 Łódź
100%
Lublin 329,565 Lublin
100%
Mazovia 1,861,599 Warszawa
100%
Lower Silesia 673,743 Wroclaw
100%
Pomerania 487,371 Gdańsk
92%
Greater Poland 538,439 Poznań
92%
West Pomerania 389,066 Szczecin
92%
Silesia 279,190 Katowice
83%
Opole 126,077 Opole
83%
194,771 Toruń
83%
Kuyavia‑Pomerania 326,434 Bydgoszcz
75%
241,189 Gdynia
75%
Holy Cross 182,295 Kielce
75%
196,005 Radom
75%
Lubusz 138,932 Zielona Góra
67%
205,969 Częstochowa
58%
Warmia-Masuria 167,311 Olsztyn
58%
111,190 Płock
58%
Subcarpathia 197,268 Rzeszów
58%
57,214 Chelm
50%
112,923 Elbląg
50%
93,138 Kalisz
50%
91,948 Legnica
50%
187,115 Sosnowiec
50%
103,129 Tarnów
50%
59,759 Ełk
42%
115,247 Gorzów Wielkopolski
42%
105,540 Koszalin
42%
59,711 Łomża
42%
70,054 Piła
42%
68,231 Suwałki
42%
100,294 Wałbrzych
42%
100,807 Włocławek
42%
80,358 Nowy Sącz
33%
56,050 Przemyśl
33%
58,231 Zamość
33%
54,387 Kędzierzyn-Koźle
25%
40,685 Nysa
25%
66,519 Piotrków Trybunalski
25%
85,504 Słupsk
25%
62,093 Ostrowiec Świętokrzyski
17%
66,604 Stargard Szczeciński
17%
56,872 Mielec
8%
36,040 Nowa Sól
8%
60,598 Pabianice
8%
44,416 Starachowice
0%
No matching quizzes found
Score Distribution
Percent of People with Each Score
Percentile by Number Answered
Your Score History
You have not taken this quiz